000 00416nam a2200169Ia 4500
008 090711s9999 xx 000 0 und d
082 _b38704
100 _aराजे शैलजा
245 _aसावर
260 _c1978
300 _a168
600 _aराजे शैलजा
630 _aसावर
700 _aराजे शैलजा
730 _aसावर
942 _cBOOK
999 _c288509
_d288509